LEADER 02391nam 2200481z- 450 001 9910946479803321 005 20211215 010 $a3-205-21356-4 035 $a(CKB)5700000000000387 035 $a(oapen)https://directory.doabooks.org/handle/20.500.12854/74929 035 $a(oapen)doab74929 035 $a(EXLCZ)995700000000000387 100 $a20202112d2021 |y 0 101 0 $aita 135 $aurmn|---annan 181 $ctxt$2rdacontent 182 $cc$2rdamedia 183 $acr$2rdacarrier 200 00$aApostolo Zeno: Poesie drammatiche, Parte I, Volume 2: Parte I: Venezia e oltre Vol. 2: da Il Venceslao (1703) ad Alessandro Severo (1717) 210 $d2021 215 $a1 online resource 311 08$a3-205-21355-6 330 $aDie vorgelegte Textausgabe entha?lt den ersten Teil einer kritischen Edition des Gesamtwerks der dramatischen Dichtungen von Apostolo Zeno. Band I.2 entha?lt 9 Libretti: Il Venceslao, Aminta, Pirro, Il Teuzzone, L'Amor generoso, Atenaide, Scipione nelle Spagne, Merope, Alessandro Severo. Parte I Volume 1: https://e-book.fwf.ac.at/o:1587 Parte I Volume 2: https://e-book.fwf.ac.at/o:1588 330 $aThis is the first part of a critical edition of the complete dramatic works by Apostolo Zeno. Vol. I.2 offers 9 librettos: Il Venceslao, Aminta, Pirro, Il Teuzzone, L'Amor generoso, Atenaide, Scipione nelle Spagne, Merope, Alessandro Severo. Parte I Volume 1: https://e-book.fwf.ac.at/o:1587 Parte I Volume 2: https://e-book.fwf.ac.at/o:1588 517 $aApostolo Zeno 606 $aArt music, orchestral and formal music$2bicssc 606 $aBaroque$2bicssc 606 $aMusical scores, lyrics and libretti$2bicssc 610 $aLibretto; History of Music 610 $aLibretto; Musikgeschichte 610 $aO?FOS 2012, Musicology 610 $aO?FOS 2012, Musikwissenschaft 610 $aO?FOS 2012, Romance studies 610 $aO?FOS 2012, Romanistik 615 7$aArt music, orchestral and formal music 615 7$aBaroque 615 7$aMusical scores, lyrics and libretti 700 $aNoe$b Alfred$4auth$0801955 702 $aDe Feo$b Adriana$4auth 906 $aBOOK 912 $a9910946479803321 996 $aApostolo Zeno: Poesie drammatiche, Parte I, Volume 2: Parte I: Venezia e oltre Vol. 2: da Il Venceslao (1703) ad Alessandro Severo (1717)$94417719 997 $aUNINA